Podnikateľský model startupu bakalárska práca

Salvato in:
Dettagli Bibliografici
Autore principale: Slováková, Kristína
Ente Autore: Fakulta podnikového manažmentu EU. Katedra manažmentu
Altri autori: Hagarová, Ráchel, 1990-
Natura: Libro
Lingua:slovacco
Pubblicazione: Bratislava 2017
Tags: Aggiungi Tag
Nessun Tag, puoi essere il primo ad aggiungerne!!

MARC

LEADER 00000nbm a2200000 4500
001 0232542
005 20171215125722.7
041 0 |a slo 
044 |a SK 
245 1 0 |a Podnikateľský model startupu  |b bakalárska práca  |c Kristína Slováková ; školiteľ: Ráchel Hagarová 
264 1 |a Bratislava  |c 2017 
300 |a 45 s. 
100 1 |a Slováková, Kristína 
700 1 |a Hagarová, Ráchel, 1990- 
710 2 |a Fakulta podnikového manažmentu EU. Katedra manažmentu